[Event "WC-2014-S-00001"]
[Site "LSS email"]
[Date "2014.10.12"]
[Round "?"]
[White "Cornel, Matei"]
[Black "Robson, Nigel"]
[Result "1/2-1/2"]
[WhiteElo "2461"]
[BlackElo "2668"]
[PlyCount "65"]
[EventDate "2014.10.15"]
[EventType "tourn (corr)"]
[EventRounds "12"]
[EventCountry "GER"]
[SourceTitle "Corr 2024"]
[Source "ChessBase"]
[SourceDate "2023.10.19"]
[SourceVersion "1"]
[SourceVersionDate "2023.10.19"]
[SourceQuality "1"]

1. e4 c5 2. Nf3 d6 3. d4 cxd4 4. Nxd4 Nf6 5. Nc3 a6 6. f3 e5 7. Nb3 Be6 8. Be3 Be7 9. Qd2 0-0 10. 0-0-0 Nbd7 11. g4 b5 12. g5 Nh5 13. Nd5 Bxd5 14. exd5 f6 15. h4 Ng3 16. Rg1 Nxf1 17. Rdxf1 a5 18. Qd3 f5 19. Qxb5 a4 20. Nd2 Qc7 21. Qc6 Qxc6 22. dxc6 Nb8 23. Nc4 Nxc6 24. Rd1 Ra6 25. Bf2 Rb8 26. a3 Na5 27. Ne3 g6 28. Be1 Kf7 29. Bb4 Ke6 30. Rd3 Nc6 31. Nd5 Rb7 32. Bc3 Na7 33. Bb4 1/2-1/2